| 000 | 00882cam a22002653a 4500 | ||
|---|---|---|---|
| 001 | 618 | ||
| 003 | PGUSA | ||
| 005 | 20140828082950.0 | ||
| 008 | 960801s1996||||xxu|||||s|||||000 p eng d | ||
| 040 |
_aPGUSA _beng |
||
| 042 | _adc | ||
| 050 | 4 | _aPR | |
| 100 | 1 | _aUnknown | |
| 245 | 1 | 0 |
_aCodex Junius 11 _h[electronic resource] / _cUnknown |
| 260 |
_bProject Gutenberg, _c1996 |
||
| 505 | 0 | _aGenesis (I-IV) -- Genesis B (IV-XIV) -- Exodus (XLII-XLIX) -- Daniel (L-LV) -- Christ and Satan (I-VII) -- The Harrowing of Hell (VIII-XII) -- The Temptation. | |
| 506 | _aPublic domain in the USA. | ||
| 516 | _aElectronic text | ||
| 653 | _aBible -- History of Biblical events -- Poetry | ||
| 653 | _aEnglish poetry -- Old English, ca. 450-1100 | ||
| 740 | 0 | _aCodex Junius XI | |
| 830 | 0 |
_aProject Gutenberg _v618 |
|
| 856 | 4 | 0 | _uhttp://www.gutenberg.org/ebooks/618 |
| 942 | _cEB | ||
| 999 |
_c229969 _d229969 |
||